| 000 | 00388nam a2200145Ia 4500 | ||
|---|---|---|---|
| 008 | 231217s9999 xx 000 0 und d | ||
| 041 | _aEnglish | ||
| 082 | _a001.6424C PAP R | ||
| 100 | _aPappas, Chris H Murray, William H | ||
| 245 | 0 | _aTurbo C++ professional hand book | |
| 260 |
_c1990 _bMcGraw-Hill _aCalifornia |
||
| 300 | _axxxi+773 | ||
| 650 | _aTurbo,C++,hand | ||
| 942 | _cAA | ||
| 999 |
_c176046 _d176046 |
||